000 00780nam a2200229Ia 4500
001 dia_1845
003 CHAP
005 20230314121805.0
008 220117s1967 xx 000 0 und d
010 _a172382
040 _cCHAP
082 _a631.7972 M47
110 _aMéxico. Secretaría de Recursos Hidráulicos. Dirección de Estadística y Estudios Económicos.
_9151692
245 _aCaracterísticas de los Distritos de Riego /
_c por la Dirección de Estadística y Estudios Económicos.Secretaría de Recursos Hidráulicos.México.
260 _aMéxico :
_b S.I.,
_c1967
300 _a3 v.
650 _a1.Riego
_9151690
901 _a631.7972 M47
902 _aM
905 _a0000001967 MEXX 0000000000ESP00
942 _cLIBRO
_2ddc
999 _c172382
_d172382